Introductions to the Wissenschaftslehre and other writings, 1797-1800 / (Record no. 130696)
[ view plain ]
| 000 -LEADER | |
|---|---|
| fixed length control field | 01535cam a2200313 a 4500 |
| 001 - CONTROL NUMBER | |
| control field | 2053440 |
| 003 - CONTROL NUMBER IDENTIFIER | |
| control field | ARRUPE |
| 005 - DATE AND TIME OF LATEST TRANSACTION | |
| control field | 20211007092951.0 |
| 008 - FIXED-LENGTH DATA ELEMENTS--GENERAL INFORMATION | |
| fixed length control field | 931220s1994 inu b 001 0 eng |
| 010 ## - LIBRARY OF CONGRESS CONTROL NUMBER | |
| LC control number | 93050569 |
| 020 ## - INTERNATIONAL STANDARD BOOK NUMBER | |
| International Standard Book Number | 0872202402 (cloth : alk. paper) |
| 020 ## - INTERNATIONAL STANDARD BOOK NUMBER | |
| International Standard Book Number | 0872202399 (pbk. : alk. paper0 |
| 040 ## - CATALOGING SOURCE | |
| Original cataloging agency | DLC |
| Transcribing agency | DLC |
| Modifying agency | DLC |
| 041 1# - LANGUAGE CODE | |
| Language code of text/sound track or separate title | eng |
| Language code of original and/or intermediate translations of text | ger |
| 050 00 - LIBRARY OF CONGRESS CALL NUMBER | |
| Classification number | B2808 |
| Item number | 1994 |
| 082 00 - DEWEY DECIMAL CLASSIFICATION NUMBER | |
| Classification number | 193 |
| Edition number | 20 |
| 300 ## - PHYSICAL DESCRIPTION | |
| Dimensions | 22 cm. |
| 100 1# - MAIN ENTRY--PERSONAL NAME | |
| Personal name | Fichte, Johann Gottlieb, |
| Dates associated with a name | 1762-1814. |
| 9 (RLIN) | 3964 |
| 240 10 - UNIFORM TITLE | |
| Uniform title | <a href="Works.">Works.</a> |
| Form subheading | Selections. |
| Language of a work | English. |
| Date of a work | 1994 |
| 245 10 - TITLE STATEMENT | |
| Title | Introductions to the Wissenschaftslehre and other writings, 1797-1800 / |
| Statement of responsibility, etc | J.G. Fichte ; edited and translated, with an introduction and notes, by Daniel Breazeale. |
| 260 ## - PUBLICATION, DISTRIBUTION, ETC. (IMPRINT) | |
| Place of publication, distribution, etc | Indianapolis : |
| Name of publisher, distributor, etc | Hackett Pub. Co., |
| Date of publication, distribution, etc | 1994. |
| 300 ## - PHYSICAL DESCRIPTION | |
| Extent | l, 213 p. ; |
| 504 ## - BIBLIOGRAPHY, ETC. NOTE | |
| Bibliography, etc | Includes bibliographical references (p. xli-xlix) and index. |
| 505 0# - FORMATTED CONTENTS NOTE | |
| Formatted contents note | An attempt at a new presentation of the Wissenschaftslehre -- Review of the Journal for truth -- Note to "Fichte and Kant" -- Postscript to the preceding article and preface to the following one -- On the basis of our belief in a divine governance of the world -- From a private letter -- Concluding remark by the editor -- Public announcement of a new presentation of the Wissenschaftslehre. |
| 650 #0 - SUBJECT ADDED ENTRY--TOPICAL TERM | |
| Topical term or geographic name as entry element | Philosophy. |
| 700 1# - ADDED ENTRY--PERSONAL NAME | |
| Personal name | Breazeale, Daniel. |
| 9 (RLIN) | 18778 |
| 906 ## - LOCAL DATA ELEMENT F, LDF (RLIN) | |
| a | 7 |
| b | cbc |
| c | orignew |
| d | 1 |
| e | ocip |
| f | 19 |
| g | y-gencatlg |
| 942 ## - ADDED ENTRY ELEMENTS (KOHA) | |
| Source of classification or shelving scheme | Library of Congress Classification |
| Koha item type | Monograph ( Printed materials) |
| Withdrawn status | Lost status | Source of classification or shelving scheme | Damaged status | Not for loan | Collection code | Home library | Current library | Shelving location | Date acquired | Total Checkouts | Full call number | Barcode | Date last seen | Price effective from | Koha item type |
|---|---|---|---|---|---|---|---|---|---|---|---|---|---|---|---|
| Library of Congress Classification | Main Collection | ARRUPE LIBRARY | ARRUPE LIBRARY | Main Collection | 07/10/2021 | B2808 1994 | 46600007779 | 07/10/2021 | 07/10/2021 | Monograph ( Printed materials) |